000 00522nam a22001577a 4500
003 OSt
005 20251118134603.0
008 251118b |||||||| |||| 00| 0 eng d
020 _a1-894070-24-0
040 _aDWC-Main lib
_cOC
082 _aCirc. 610.10252 H436 2000
245 _aHeartstart :
_b CPR and AED activity book
260 _aOntario :
_b St. John Ambulance,
_cc2000
300 _av, v.p. ;
_c 27 cm.
942 _2ddc
_cBK-CIRC
_e1st edition
_hCirc. 610.10252 H436 2000
_kCicrc.
_n0
999 _c5804
_d5804